Interior structure of the earth and planets /

Bibliographic Details
Main Author: Zharkov, V. N. (Vladimir Naumovich)
Format: Book
Language:English
Published: Chur, Switzerland ; New York : Harwood Academic Publishers, [1986]
Edition:Rev. and expanded English ed.
Subjects:

MARC

Tag First Indicator Second Indicator Subfields
LEADER 00000cam a2200000 a 4500
001 in00000008000
005 20151002070114.0
008 850830s1986 sz a b 00010 eng
010 |a  85021938  
020 |a 3718600676 
035 |a (OCoLC)12582158 
035 |9 AAA0345AM 
040 |a DLC  |c DLC  |d m/c  |d TXA  |d UtOrBLW 
041 1 |a eng  |h rus 
050 0 0 |a QE509  |b .Z4713 1986 
100 1 |a Zharkov, V. N.  |q (Vladimir Naumovich) 
240 1 0 |a Vnutrennee stroenie Zemli i planet.  |l English 
245 1 0 |a Interior structure of the earth and planets /  |c by V.N. Zharkov ; translated from the Russian by William B. Hubbard and Ronald A. Masteler. 
250 |a Rev. and expanded English ed. 
264 1 |a Chur, Switzerland ;  |a New York :  |b Harwood Academic Publishers,  |c [1986] 
264 4 |c ©1986 
300 |a xvii, 436 pages :  |b illustrations ;  |c 23 cm. 
336 |a text  |b txt  |2 rdacontent 
337 |a unmediated  |b n  |2 rdamedia 
338 |a volume  |b nc  |2 rdacarrier 
500 |a Translation of: Vnutrennee stroenie Zemli i planet. 
651 0 |a Earth (Planet)  |x Internal structure. 
650 0 |a Planets  |x Internal structure. 
999 |a MARS 
999 f f |s 47926832-a630-30a2-8b93-a00e668dae59  |i 5b35b5c9-3992-340b-9122-a1bfaf32fd46  |t 0 
952 f f |p normal  |a Texas A&M University  |b College Station  |c Sterling C. Evans Library  |d Evans: Library Stacks  |t 0  |e QE509 .Z4713 1986  |h Library of Congress classification  |i unmediated -- volume  |m A14810951959 
998 f f |a QE509 .Z4713 1986  |t 0  |l Evans: Library Stacks